| 000 | 00523nam a2200169Ia 4500 | ||
|---|---|---|---|
| 008 | 100122s9999 xx 000 0 und d | ||
| 082 |
_b75824 _a823 |
||
| 100 | _aप्रेस्टन रिचर्ड | ||
| 245 | _aद डेमन इन द फ्रीझर | ||
| 250 | _a1 | ||
| 260 | _c2009 | ||
| 300 | _a275 | ||
| 630 | _aद डेमन इन द फ्रीझर | ||
| 700 | _aजोगळेकर प्रमोद | ||
| 730 | _aद डेमन इन द फ्रीझर | ||
| 942 | _cBOOK | ||
| 999 |
_c391979 _d391976 |
||